00638nam a22001697a 450000500170000001000130001702000260003003500110005603700130006708200100008010000460009024501200013624600810025626000510033727000570038830000230044520211108154655.0 aUR-11310 c200.00a9789390789160 aU-9865 bDBAD/PUB a840.8 aمحی الد ين ز و ر کشمير ی aمنا ظر عا شق ہر گا نو ی کی ڈ ر ا ما شنا سی cمحی الد ين ز و ر کشمير ی aManazir Ashiq Harganvi Ki Darama Shanasi (Urdu)bby Mohiuddin Zore Kashmiri aN.Delhic2021 ءbEducational Publishing House aD1/16,Ansari Road,Darya Ganj,bNew Delhie110002l - a168 ص c22 Cm(Hb)